El estudio de un cristal : métodos de análisis cristalográfico /

Uloženo v:
Podrobná bibliografie
Hlavní autor: Fabregat Guinchard, Francisco José (autor)
Médium: Kniha
Jazyk:španělština
Vydáno: México : Consejo de Recursos Naturales No Renovables, 1964
Témata:
Tagy: Přidat tag
Žádné tagy, Buďte první, kdo vytvoří štítek k tomuto záznamu!

MARC

LEADER 00000nam^a2200000^a^4500
001 000014100
005 20250521000000.0
009 20260310083927.682
037 |a Acervo ITESO - Biblioteca 
041 |a ESP 
082 |a 548.  |b FAB 
100 |a Fabregat Guinchard, Francisco José  |e (autor) 
245 1 3 |a El estudio de un cristal :  |b métodos de análisis cristalográfico /  |c F.J. Fabregat Guinchard. 
264 1 |a México :  |b Consejo de Recursos Naturales No Renovables,  |c 1964 
300 |a 254 p. 
336 |a texto  |b txt  |2 rdacontenido 
337 |a sin mediación  |b n  |2 rdamedio 
338 |a volumen  |b nc  |2 rdasoporte 
649 |a XX 
650 |a Cristalografía 
910 |a Fondo General 
920 |a Impresos - Libros 
930 |a Colección General 
905 |a 101 
901 |a 0141000100  |b IT1  |c ACC  |i 014100  |u 20250521 
902 |a https://opac.biblio.iteso.mx/vufind/Record/000014100